Kratšia pracovná doba - dopady na zamestnanca
Pracovný pomer na kratší pracovný čas. Stravovanie zamestnancov s pracovným pomerom na kratší pracovný čas. Inštitút deleného pracovného miesta.
Gespeichert in:
| 1. Verfasser: | |
|---|---|
| Format: | Buchkapitel |
| Sprache: | Slowakisch |
| Schlagworte: | |
| Tags: |
Keine Tags, Fügen Sie das erste Tag hinzu!
|
MARC
| LEADER | 00000naa a2200000 4500 | ||
|---|---|---|---|
| 001 | 0280873 | ||
| 005 | 20240417075150.2 | ||
| 041 | 0 | |a slo | |
| 044 | |a SK | ||
| 245 | 1 | 0 | |a Kratšia pracovná doba - dopady na zamestnanca |c Ján Mintál |
| 520 | |a Pracovný pomer na kratší pracovný čas. Stravovanie zamestnancov s pracovným pomerom na kratší pracovný čas. Inštitút deleného pracovného miesta. | ||
| 610 | 2 | 0 | |a doba pracovná |
| 610 | 2 | 0 | |a čas pracovný |
| 610 | 2 | 0 | |a zamestnanci |
| 610 | 2 | 0 | |a pomer pracovný skrátený |
| 610 | 2 | 0 | |a mzdy |
| 610 | 2 | 0 | |a stravovanie zamestnancov |
| 610 | 2 | 0 | |a zákony |
| 100 | 1 | |a Mintál, Ján | |